Star Trek Intro Quiz Stats

 Plays Quiz Updated Oct 28, 2018

     
Support Sporcle.
Go Orange.
Score 0/38 Timer 02:00
3 Plays Today
% Correct
the
98.1%
the
98.1%
the
98.1%
to
92.5%
to
92.5%
to
92.5%
Space...
91.2%
Enterprise.
91%
Final
90.1%
go
89.9%
Frontier.
89.9%
starship
89.3%
of
89.3%
no
89.2%
where
89.1%
has
88.4%
man
88%
are
87.7%
gone
87.6%
% Correct
before.
87.5%
These
86.8%
mission:
86.7%
new
85.3%
new
85.3%
new
85.3%
boldly
84.3%
voyages
83%
Its
78.9%
and
77.4%
year
76.7%
worlds,
76.3%
five
76.1%
explore
75.6%
seek
74.4%
out
74.2%
civilizations,
71.2%
life
71%
strange
65.2%

From the Vault

States With a Top 50 City Minefield

by JohnFran

Geography 10m
Almost every sixth American lives in one of the top 50 cities.
Remove Ads.
Support Sporcle.
Get the best of Sporcle when you Go Orange. This ad-free experience offers more features, more stats, and more fun while also helping to support Sporcle. Thank you for becoming a member.

Show Comments

Extras

Top Quizzes Today


Score Distribution

Your Account Isn't Verified!

In order to create a playlist on Sporcle, you need to verify the email address you used during registration. Go to your Sporcle Settings to finish the process.

Report this User

Report this user for behavior that violates our Community Guidelines.

Details: